| 000 | 00689cam a2200229 i 4500 | ||
|---|---|---|---|
| 999 |
_c3659 _d3659 |
||
| 001 | 20196 | ||
| 003 | BD-DhUAP | ||
| 005 | 20200310152656.0 | ||
| 008 | 200310s2014 maua 000 0 eng | ||
| 020 | _a9788130915685 | ||
| 040 |
_aBD-DhUAP _bEng _cBD-DhUAP _dBD-DhUAP |
||
| 082 | 0 | 0 |
_a801.95 BAR _223 |
| 100 | _aBarry, Peter. | ||
| 245 |
_aBeginning theory : _ban introduction to literary and cultural theory / _cPeter Barry. |
||
| 250 | _a3rd ed. | ||
| 260 |
_aNew Delhi : _bViva books, _cc2010 [Reprinted 2013]. |
||
| 300 |
_axii, 338 pages : _billustrations ; _c21 cm |
||
| 500 | _aIncludes index. | ||
| 650 | _aCriticism | ||
| 650 | _aLiterature--Philosophy | ||
| 942 |
_2ddc _cREF |
||